[Event "GER-ch54 V05 email"]
[Site "GER email"]
[Date "2022.05.01"]
[Round "?"]
[White "Koch, Hans Georg"]
[Black "Osterburg, Klaus Juergen"]
[Result "1/2-1/2"]
[WhiteElo "2078"]
[BlackElo "2071"]
[PlyCount "61"]
[EventDate "2022.05.01"]
[EventType "tourn (corr)"]
[EventRounds "10"]
[EventCountry "GER"]
[SourceTitle "Corr 2024"]
[Source "ChessBase"]
[SourceDate "2023.10.19"]
[SourceVersion "1"]
[SourceVersionDate "2023.10.19"]
[SourceQuality "1"]

1. d4 Nf6 2. c4 g6 3. Nc3 Bg7 4. e4 d6 5. Nf3 0-0 6. Be2 e5 7. 0-0 Nc6 8. d5 Ne7 9. b4 Nh5 10. Re1 f5 11. Ng5 Nf6 12. Bf3 c6 13. dxc6 bxc6 14. exf5 gxf5 15. b5 e4 16. Be2 Ng4 17. Qb3 Ne5 18. Rb1 Rb8 19. Nh3 N7g6 20. Nf4 Re8 21. g3 Nxf4 22. Bxf4 Be6 23. Qa3 Qf6 24. Rbc1 c5 25. Red1 Rbd8 26. Bxe5 Qxe5 27. Nd5 Kh8 28. Kh1 Rd7 29. Rc2 Bxd5 30. Rxd5 Qe6 31. f4 1/2-1/2

[Event "GER-ch54 V05 email"]
[Site "GER email"]
[Date "2022.05.01"]
[Round "?"]
[White "Osterburg, Klaus Juergen"]
[Black "Egner, Michael"]
[Result "1/2-1/2"]
[WhiteElo "2071"]
[BlackElo "2114"]
[PlyCount "76"]
[EventDate "2022.05.01"]
[EventType "tourn (corr)"]
[EventRounds "10"]
[EventCountry "GER"]
[SourceTitle "Corr 2024"]
[Source "ChessBase"]
[SourceDate "2023.10.19"]
[SourceVersion "1"]
[SourceVersionDate "2023.10.19"]
[SourceQuality "1"]

1. e4 c5 2. Nf3 d6 3. d4 cxd4 4. Nxd4 Nf6 5. Nc3 g6 6. Be3 Bg7 7. f3 0-0 8. Qd2 Nc6 9. 0-0-0 d5 10. Qe1 e5 11. Nxc6 bxc6 12. exd5 Nxd5 13. Ne4 Be6 14. Bc4 Qc7 15. Bc5 Rfd8 16. Qh4 h6 17. g4 Nf4 18. Bxe6 Nxe6 19. Be3 Nf4 20. Rxd8+ Rxd8 21. Qf2 Nd5 22. Bd2 Rb8 23. Rf1 Kh8 24. Nc5 e4 25. fxe4 Bxb2+ 26. Kd1 Nc3+ 27. Ke1 Nxe4 28. Nxe4 Re8 29. Kd1 Rxe4 30. Qxf7 Qxf7 31. Rxf7 Rxg4 32. Rxa7 Be5 33. Bxh6 Bxh2 34. a4 Bg1 35. Ra6 g5 36. Rxc6 Rd4+ 37. Ke2 Rxa4 38. Bxg5 Ra2 1/2-1/2

[Event "GER-ch54 V05 email"]
[Site "GER email"]
[Date "2022.05.01"]
[Round "?"]
[White "Osterburg, Klaus Juergen"]
[Black "Wichert, Gerd"]
[Result "0-1"]
[WhiteElo "2071"]
[BlackElo "2130"]
[PlyCount "72"]
[EventDate "2022.05.01"]
[EventType "tourn (corr)"]
[EventRounds "10"]
[EventCountry "GER"]
[SourceTitle "Corr 2024"]
[Source "ChessBase"]
[SourceDate "2023.10.19"]
[SourceVersion "1"]
[SourceVersionDate "2023.10.19"]
[SourceQuality "1"]

1. e4 e5 2. d4 exd4 3. Qxd4 Nc6 4. Qe3 Nf6 5. Nc3 Bb4 6. Bd2 0-0 7. 0-0-0 Re8 8. Qg3 Nxe4 9. Nxe4 Rxe4 10. c3 Be7 11. f4 d5 12. Bd3 Bf5 13. Nf3 Qc8 14. Bxe4 dxe4 15. Nd4 Nxd4 16. cxd4 b5 17. Qc3 c6 18. Be3 Qa6 19. Kb1 Be6 20. d5 Bxd5 21. b3 b4 22. Qc2 Qb5 23. Bd4 a5 24. Rhe1 a4 25. Rxe4 axb3 26. axb3 Bxe4 27. Qxe4 Bf6 28. Bxf6 gxf6 29. Qd4 Qh5 30. h4 Qg4 31. f5 Qxf5+ 32. Kb2 Qa5 33. Kc2 Re8 34. Rd2 c5 35. Qg4+ Kh8 36. Qd1 c4 0-1

[Event "GER-ch54 V05 email"]
[Site "GER email"]
[Date "2022.05.01"]
[Round "?"]
[White "Schulz, Rene"]
[Black "Osterburg, Klaus Juergen"]
[Result "1/2-1/2"]
[WhiteElo "2066"]
[BlackElo "2071"]
[PlyCount "77"]
[EventDate "2022.05.01"]
[EventType "tourn (corr)"]
[EventRounds "10"]
[EventCountry "GER"]
[SourceTitle "Corr 2024"]
[Source "ChessBase"]
[SourceDate "2023.10.19"]
[SourceVersion "1"]
[SourceVersionDate "2023.10.19"]
[SourceQuality "1"]

1. e4 e5 2. Nf3 Nc6 3. Bb5 f5 4. Nc3 fxe4 5. Nxe4 d5 6. Nxe5 dxe4 7. Nxc6 Qg5 8. Qe2 Nf6 9. Nxa7+ Bd7 10. Bxd7+ Nxd7 11. f4 Qf5 12. Nb5 0-0-0 13. a4 Bb4 14. Qc4 Qc5 15. Qxc5 Nxc5 16. Nc3 Ne6 17. a5 Rhe8 18. a6 bxa6 19. Rxa6 Kb7 20. Ra4 Rd4 21. f5 Nf4 22. Rxb4+ Rxb4 23. 0-0 Nh5 24. b3 Nf6 25. Nd1 Rd4 26. Kf2 Rd7 27. Ke2 Ra8 28. Bb2 Rad8 29. Bc3 Nd5 30. Ne3 Nxc3+ 31. dxc3 Rd2+ 32. Ke1 R2d6 33. Rf4 Re8 34. Ke2 g6 35. fxg6 Rxg6 36. Rf7 h5 37. Rh7 Re5 38. c4 Kb8 39. Kd2 1/2-1/2

[Event "GER-ch53 V03 email"]
[Site "GER email"]
[Date "2021.04.21"]
[Round "?"]
[White "Osterburg, Klaus Juergen"]
[Black "Hinz, Horst"]
[Result "1/2-1/2"]
[WhiteElo "2071"]
[BlackElo "2041"]
[PlyCount "98"]
[EventDate "2021.04.21"]
[EventType "tourn (corr)"]
[EventRounds "10"]
[EventCountry "GER"]
[SourceTitle "Corr 2024"]
[Source "ChessBase"]
[SourceDate "2023.10.19"]
[SourceVersion "1"]
[SourceVersionDate "2023.10.19"]
[SourceQuality "1"]

1. d4 Nf6 2. c4 e6 3. g3 d5 4. Nf3 Bb4+ 5. Bd2 Be7 6. Bg2 Nbd7 7. 0-0 0-0 8. Qc2 c6 9. Bf4 b6 10. Rd1 Ba6 11. Ne5 Rc8 12. Nc3 Nh5 13. Bc1 Nhf6 14. Qa4 Nb8 15. b3 Nfd7 16. Bb2 Nxe5 17. dxe5 Qe8 18. cxd5 cxd5 19. Qxe8 Rfxe8 20. Rac1 f5 21. exf6 Bxf6 22. Rd2 g5 23. Bf1 Nd7 24. e4 Bxf1 25. Kxf1 g4 26. Nb5 Rxc1+ 27. Bxc1 Rc8 28. Bb2 Bxb2 29. Rxb2 a6 30. Nd4 e5 31. Rc2 Rxc2 32. Nxc2 d4 33. Nb4 Kg7 34. Ke2 Nc5 35. f3 gxf3+ 36. Kxf3 b5 37. g4 Kg6 38. h4 Kf7 39. Nc6 Nd3 40. b4 Kf6 41. a3 Ne1+ 42. Kf2 Nd3+ 43. Ke2 Nf4+ 44. Kf3 Nd3 45. g5+ Kg6 46. Ke2 Nf4+ 47. Kf3 Nd3 48. Kg4 Nf2+ 49. Kf3 Nd3 1/2-1/2